Online Catalogue and eLibrary

Compliance ideologies : (Record no. 311)

MARC details
000 -LEADER
fixed length control field 00718cam a2200217 a 4500
001 - CONTROL NUMBER
control field 598526
005 - DATE AND TIME OF LATEST TRANSACTION
control field 20240206052332.0
008 - FIXED-LENGTH DATA ELEMENTS--GENERAL INFORMATION
fixed length control field 910716s1992 nyua 000 0 eng
020 ## - INTERNATIONAL STANDARD BOOK NUMBER
ISBN 0521415810 (hardback)
040 ## - CATALOGING SOURCE (பட்டியலாக்க மூலம்)
Original cataloging agency DLC
Transcribing agency DLC
Modifying agency DLC
082 00 - DDC Classification
Class No. 306.2
DDC Edition Number 20
Item Number - Author Mark COM.
100 1# - MAIN ENTRY--PERSONAL NAME
Personal name Wilson, Richard W.,
245 10 - TITLE STATEMENT
Title Compliance ideologies :
Remainder of title rethinking political culture /
Statement of responsibility, etc. Richard W. Wilson.
260 ## - PUBLICATION, DISTRIBUTION, ETC.
Place of publication, distribution, etc. Cambridge :
-- New York :
Name of publisher, distributor, etc. Cambridge University Press,
Date of publication, distribution, etc. 1992.
300 ## - PHYSICAL DESCRIPTION
Extent (e.g. Volumes, Pages etc.) x, 223 p. :
650 #0 - SUBJECT ADDED ENTRY--TOPICAL TERM
Topical term or geographic name entry element Political culture.
650 #0 - SUBJECT ADDED ENTRY--TOPICAL TERM
Topical term or geographic name entry element Political development.
856 42 - ELECTRONIC LOCATION AND ACCESS
Uniform Resource Identifier <a href="http://www.loc.gov/catdir/description/cam024/91027178.html">http://www.loc.gov/catdir/description/cam024/91027178.html</a>
856 41 - ELECTRONIC LOCATION AND ACCESS
Uniform Resource Identifier <a href="http://www.loc.gov/catdir/toc/cam029/91027178.html">http://www.loc.gov/catdir/toc/cam029/91027178.html</a>
942 ## - Koha item type (Biblio)
Koha item type Books in Stacks (Lending)
Holdings
Lost status Damaged status Collection code Home library Current library Date acquired Full call number Accession Number Item type
    Lending WERC Library WERC Library 02/06/2024 306.2 COM. 1148 Books in Stacks (Lending)

© WERC Library